Beverages Logos - Statistics

General Stats
  • This quiz has been taken 198 times
  • The average score is 7 of 10
Answer Stats
Picture Answer % Correct
Coca Cola
99%
Pepsi
97%
7 Up
94%
Starbucks
93%
Gatorade
90%
Mountain Dew
89%
Fanta
87%
Tropicana
57%
Nescafe
30%
Thumbs Up
14%
No matching quizzes found
Score Distribution
Percent of People with Each Score
Percentile by Number Answered
Your Score History
You have not taken this quiz